Microbiology. I /

Uloženo v:
Podrobná bibliografie
Hlavní autor: Koukalová, Dagmar (Autor)
Médium: Kniha
Jazyk:angličtina
Vydáno: Olomouc : Univerzita Palackého v Olomouci, 2013
Vydání:3., nezm. vyd.
Edice:Skripta
Témata:
ISBN:9788024433943
On-line přístup: Získat plný text
Tagy: Přidat tag
Žádné tagy, Buďte první, kdo vytvoří štítek k tomuto záznamu!

MARC

LEADER 00000nam a2200000 4500
003 SK-BrCVT
005 20220621175433.0
006 aalo e 000 0
008 130910s2013 xr alo e 000 0eng#d
020 |a 9788024433943   |q (brož.)  |c 6,29 
035 |a CVTIDW0041777 
040 |a NK ČR  |b cze  |c CVTISR  |e AACR2  |d CVTI SR 
041 0 |a eng 
044 |a xr  |c CZ 
080 |a 579  |2 2008 
100 1 |a Koukalová, Dagmar  |4 aut 
245 1 0 |a Microbiology.  |n I /  |c autoři: Dagmar Koukalová ... et al. 
250 |a 3., nezm. vyd. 
260 |a Olomouc :  |b Univerzita Palackého v Olomouci,  |c 2013 
300 |a 61 s. :  |b fotogr., obr. ;  |c 29 cm 
490 0 |a Skripta 
500 |a Lékařská fakulta 
653 1 |a mikrobiológia 
653 1 |a infekcia 
653 1 |a kultivácia baktérie 
653 1 |a antibiotikum 
653 1 |a sérum 
655 7 |a skriptá  |2 SNKPH 
760 1 |t Skripta 
852 |a CVTISR  |b 1 
910 |b S619205 
919 |a 978-80-244-3394-3 
959 |a 07 
974 |a katarina.repata  |f Knihy 
992 |a ASK 
999 |c 233453  |d 233453